000 00569nam a2200169 a 4500
001 000018970
005 20200929165906.0
008 100521nuuuuuuuuxxum r 000 0 spa d
040 _aDO-SdBNP
_bspa
_cBNPHU
082 _axxx
_bM478
100 1 _aMcEwen Shields, Elizabeth
_940813
245 1 0 _aConozcamos al preescolar /
_cElizabeth McEwen Shields ; traducción Alicia Müller de trelles.
260 _aTexas :
_bCasa Bautista de Publicaciones,
_c[s. f.].
300 _a157 p. :
_bmúsica ;
_c17 cm.
700 1 _aMüller de trelles, Alicia,
_etr.
_940814
049 _aBNGR
999 _c18488
_d18488